000 00488nam a22001697a 4500
005 20251108171829.0
008 250721s1987 xx 000 0 ara d
082 1 4 _a415/أحم
100 1 _aمستجير، أحمد
245 1 0 _aمدخل رياضي إلى عروض الشعر العربي /
264 1 _aالقاهرة :
_bالمؤلف،
_c1987.
300 _a166ص
650 1 7 _aاللغة العربية
650 1 7 _aقواعد اللغة
942 _2ddc
_cBK
999 _c63692
_d63692